000 00446nam a2200181Ia 4500
001 9688
005 20260306161737.0
008 260306t2021||||xx |||||||||||||| ||spa||
041 _aESP
082 _a394.26985
_bM39
100 _aMejía Castro, Miguel
_eAUT
245 0 _aQoyllurit'i:
_blos hijos de la montaña sagrada
260 _c2021
300 _a179 páginas :
_c31 cm.
650 _aGEN
654 _aCHU
942 _cLIB
_dJUS
_fJUS
_2ddc
_n
999 _c9688
_d9688